Score 0/40 Timer 06:00
1 Play Today
% Correct
Doom
87.9%
Catcher In The Rye
86.4%
Pac-Man
72.3%
The Great Gatsby
67.1%
Les Misérables
63.4%
Beloved
60%
The Hobbit
56%
Chicago Cubs
55.8%
Iggy Pop
55.6%
Nirvana
52.3%
Phoenix Suns
49.3%
New York Jets
45.4%
Led Zeppelin
44.2%
Mario Kart
42.4%
NBA Jam
42.1%
San Diego Padres
41.8%
The Big Sleep
33.5%
The Fray
32.9%
Bob Dylan
30.4%
Kings of Leon
30.3%
% Correct
Cleveland Browns
29%
Lord Of The Flies
29%
Animal Farm
28.9%
War And Peace
27.9%
Gears Of War
23.8%
Call Of Duty
23.6%
Oakland Athletics
22.4%
Minnesota Wild
21%
Winnipeg Jets
19.1%
Denver Nuggets
16.8%
Van Morrison
15.4%
Ramones
14%
Resident Evil
12.4%
StarCraft
8.1%
Native Son
7.8%
Soundgarden
7.6%
Madden NFL
6.9%
Baltimore Ravens
6.1%
Teenage Fanclub
1.2%
Altered Beast
1.2%
Remove Ads.
Support Sporcle.
Get the best of Sporcle when you Go Orange. This ad-free experience offers more features, more stats, and more fun while also helping to support Sporcle. Thank you for becoming a member.

You're not logged in!

Compare scores with friends on all Sporcle quizzes.
OR
Log In

Show Comments

Extras

Top Quizzes Today


Score Distribution

Your Account Isn't Verified!

In order to create a playlist on Sporcle, you need to verify the email address you used during registration. Go to your Sporcle Settings to finish the process.

Report this User

Report this user for behavior that violates our Community Guidelines.

Details: